LEADER 00555naa a2200145 i 4500 001 000000303599 003 CaOOAMICUS 005 20180831172802.0 008 180831n xx u000 u und u 013 $a11379 040 $aSeMil$bita 100 1 $aRorty, Richard <1931-2007>.$0(OLS)http://semarc/name/13128 245 10$aRappresentazione, pratica sociale e verità. 773 0 $tFilosofia '88.$dRoma ; Bari : Laterza, 1989.$kBiblioteca di cultura moderna$z88-420-3362-6$w()39003 996 $6245$aRappresentazione, pratica sociale e verità$9(OLS)http://semarc/title/379560 LEADER 01012nam a2200253 i 4500 001 000000196106 003 CaOOAMICUS 005 20110120000000.0 008 110120s2008 it u000 u ita u 013 $a174787 020 $a978-88-89893-89-0 040 $aSeMil$bita 100 1 $aTommasi, Rodolfo.$0(OLS)http://semarc/name/59032 245 10$aTendenze di linguaggi :$borientamenti di poesia italiana contemporanea /$cRodolfo Tommasi. 260 $aArezzo :$bHelicon,$cstampa 2008. 300 $a144 p. :$bill. ;$c20 cm. 500 $aDono del card. Dionigi Tettamanzi. 850 $aSeMil 852 $aSeMil$W1$xVenegono$y1$m1P II 9$j146671$B146671$CSeMilBibl$Z2$F166599 $81 941 1 $a5 961 $aOmaggio: Tettamanzi Card. Dionigi 996 $6020$a978-88-89893-89-0$9(OLS)http://semarc/number/187957 996 $6245$aTendenze di linguaggi :$borientamenti di poesia italiana contemporanea$9(OLS)http://semarc/title/283116 996 $6260$aArezzo :$bHelicon$9(OLS)http://semarc/publisher/47882 LEADER 00961nam a2200217 i 4500 001 000000126449 003 CaOOAMICUS 005 20040519000000.0 008 040519s1901 it u000 u ita u 013 $a99155 040 $aSeMil$bita 245 10$aDai primordi dell'arte cristiana al tempo di Giustiniano. 300 $aXVI, 558 p. :$bcon 462 incisioni in fototipografia. 500 $aIn occhietto : Dono di S.Em. il Card. Ferrari. 650 4$aArte - Italia - Sec. 2.-6.$0(OLS)http://semarc/subject/24706 700 1 $aVenturi, Adolfo,$d<1856-1941>.$0(OLS)http://semarc/name/5590 773 0 $aVenturi, Adolfo <1856-1941>$tStoria dell'arte italiana.$dMilano : U. Hoepli, 1901-1940.$g1$w()11631 850 $aSeMil 852 $aSeMil$W1$xVenegono$y1$m5I XVI 16$j80818$B80818$CSeMilBibl$Z2$F83023 $8I 961 $aOmaggio: Ferrari Card. Carlo Andrea 996 $6245$aDai primordi dell'arte cristiana al tempo di Giustiniano$9(OLS)http://semarc/title/186430